|
|
|
|
| LEADER |
01214nam a2200313 4500 |
| 001 |
40228 |
| 003 |
BD-DhAAL |
| 008 |
221215t1972 enka b 001 0 eng d |
| 999 |
|
|
|c 45190
|d 45190
|
| 010 |
|
|
|a 73150388
|
| 015 |
|
|
|a B72-30422
|
| 020 |
|
|
|a 0416660304
|a 0416660401(pbk.)
|
| 040 |
|
|
|a DLC
|c DLC
|d DLC
|d BD-DhAAL
|
| 050 |
0 |
0 |
|a HC51
|b .G64
|
| 082 |
0 |
0 |
|a 330.9
|
| 100 |
1 |
|
|a Gould, J. D.
|q (John Dennis),
|d 1923-
|9 52939
|
| 245 |
1 |
0 |
|a Economic growth in history :
|b survey and analysis /
|c J. D. Gould.
|
| 260 |
|
|
|a London,
|b Methuen,
|c 1972.
|
| 300 |
|
|
|a xx, 460 pages :
|b illustrations ;
|c 21 cm.
|
| 350 |
|
|
|a £4.50
|
| 500 |
|
|
|a Distributed in the U.S.A. by Harper & Row Publishers Inc., Barnes & Noble Import Division.
|
| 504 |
|
|
|a Includes bibliographical references (pages [447]-451).
|
| 541 |
|
|
|a Donated By Akbar Ali Khan
|e 40228
|
| 650 |
|
0 |
|a Economic history.
|9 52940
|
| 650 |
|
0 |
|a Economic development.
|9 52941
|
| 650 |
|
0 |
|a Economics.
|9 52942
|
| 852 |
|
|
|a Ayesha Abed Library
|c Akbar Ali Khan Collection
|
| 942 |
|
|
|2 ddc
|c BK
|
| 952 |
|
|
|0 0
|1 0
|2 ddc
|4 0
|6 330_900000000000000_GOU
|7 1
|9 72504
|a BRACUL
|b BRACUL
|c AAKC
|d 2022-12-15
|e Donated by Akbar Ali Khan
|l 0
|o 330.9 GOU
|p 3010040228
|r 2022-12-15
|t 1
|w 2022-12-15
|y BK
|